| 000 | 00434pab a2200169 454500 | ||
|---|---|---|---|
| 008 | 180718b2010 xxu||||| |||| 00| 0 eng d | ||
| 100 | _aCremer, Helmuth et al. | ||
| 245 | _aTagging and income taxation: theory and an application | ||
| 260 | _c2010 | ||
| 300 | _ap.31-50. | ||
| 362 | _aFeb | ||
| 650 | _aTaxation | ||
| 650 | _aIncome tax | ||
| 773 | _aAmerican Economic Journal: Economic Policy | ||
| 908 | _aN | ||
| 909 | _a86101 | ||
| 999 |
_c86101 _d86101 |
||